000
00342 a2200169 4500
001
186106
020
_a
85-08-03970-0
040
_c
Magnum
100
_a
Marques, Amadeu
240
1
0
_a
A love lesson
_l
ING
245
1
0
_a
A love lesson
300
_a
362
0
_a
1992
440
1
_a
Ática
697
_a
LITERATURA INGLESA
942
_c
BK
999
_c
186106
_d
186106